<?xml version="1.0" encoding="UTF-8"?>
<collection xmlns="http://www.loc.gov/MARC21/slim">
 <record>
  <leader>02992pam a22003258a 4500</leader>
  <controlfield tag="001">00031210</controlfield>
  <controlfield tag="005">20171026081025.0</controlfield>
  <controlfield tag="008">130927s2013                  ||||||viesd</controlfield>
  <datafield tag="020" ind1="#" ind2="#">
   <subfield code="c">0</subfield>
  </datafield>
  <datafield tag="041" ind1="0" ind2="#">
   <subfield code="a">vie</subfield>
  </datafield>
  <datafield tag="082" ind1="1" ind2="4">
   <subfield code="a">320.407 1</subfield>
   <subfield code="b">CH527Đ</subfield>
  </datafield>
  <datafield tag="245" ind1="1" ind2="0">
   <subfield code="a">Chuyên đề bồi dưỡng giáo viên trung học phổ thông môn giáo dục công dân</subfield>
  </datafield>
  <datafield tag="260" ind1="#" ind2="#">
   <subfield code="a">Hà Nội</subfield>
   <subfield code="b">Đại học quốc gia Hà Nội</subfield>
   <subfield code="c">2013</subfield>
  </datafield>
  <datafield tag="300" ind1="#" ind2="#">
   <subfield code="a">216 tr.</subfield>
   <subfield code="c">27 cm.</subfield>
  </datafield>
  <datafield tag="500" ind1="#" ind2="#">
   <subfield code="a">Đầu bìa sách ghi: Bộ Giáo dục và Đào tạo MOET. Ngân hàng phát triển Châu Á ADB . Dự án PT GV THPT&amp;TCCN- Trường Đại học Ngoại Ngữ, Đại học Quốc gia Hà Nội</subfield>
  </datafield>
  <datafield tag="653" ind1="#" ind2="#">
   <subfield code="a">Chuyên đề bồi dưỡng</subfield>
  </datafield>
  <datafield tag="653" ind1="#" ind2="#">
   <subfield code="a">Giáo dục công dân</subfield>
  </datafield>
  <datafield tag="653" ind1="#" ind2="#">
   <subfield code="a">Trung học phổ thông</subfield>
  </datafield>
  <datafield tag="653" ind1="#" ind2="#">
   <subfield code="a">Giáo viên</subfield>
  </datafield>
  <datafield tag="852" ind1="#" ind2="#">
   <subfield code="b">Kho mượn</subfield>
   <subfield code="j">KGT.0041770</subfield>
  </datafield>
  <datafield tag="852" ind1="#" ind2="#">
   <subfield code="b">Kho đọc</subfield>
   <subfield code="j">KD.0014995</subfield>
  </datafield>
  <datafield tag="852" ind1="#" ind2="#">
   <subfield code="j">KGT.0041770, KGT.0041771, KGT.0041772, KGT.0041773, KGT.0041774, KGT.0041775, KGT.0041776, KGT.0041777, KGT.0041778, KGT.0041779, KGT.0041780, KGT.0041781, KGT.0041782, KGT.0041783, KGT.0041784, KGT.0041785, KGT.0041786, KGT.0041787, KGT.0041788, KGT.0041789, KGT.0041790, KGT.0041791, KGT.0041792, KGT.0041793, KGT.0041794, KGT.0041795, KGT.0041796, KGT.0041797, KGT.0041798, KGT.0041799, KGT.0041800, KGT.0041801, KGT.0041802, KGT.0041803, KGT.0041804, KGT.0041805, KGT.0041806, KGT.0041807, KGT.0041808, KGT.0041809, KGT.0041810, KGT.0041811, KGT.0041812, KGT.0041813, KGT.0041814, KGT.0041815, KGT.0041816, KGT.0041817, KGT.0041818, KGT.0041819, KGT.0041820, KGT.0041821, KGT.0041822, KGT.0041823, KGT.0041824, KGT.0041825, KGT.0041826, KGT.0041827, KGT.0041828, KGT.0041829, KGT.0041830, KGT.0041831, KGT.0041832, KGT.0041833, KGT.0041834, KGT.0041835, KGT.0041836, KGT.0041837, KGT.0041838</subfield>
   <subfield code="b">Kho giáo trình</subfield>
  </datafield>
  <datafield tag="852" ind1="#" ind2="#">
   <subfield code="j">KD.0014995</subfield>
   <subfield code="j">KGT.0041771</subfield>
   <subfield code="j">KGT.0041772</subfield>
   <subfield code="j">KGT.0041773</subfield>
   <subfield code="j">KGT.0041774</subfield>
   <subfield code="j">KGT.0041776</subfield>
   <subfield code="j">KGT.0041778</subfield>
   <subfield code="j">KGT.0041779</subfield>
   <subfield code="j">KGT.0041781</subfield>
   <subfield code="j">KGT.0041782</subfield>
   <subfield code="j">KGT.0041784</subfield>
   <subfield code="j">KGT.0041785</subfield>
   <subfield code="j">KGT.0041787</subfield>
   <subfield code="j">KGT.0041788</subfield>
   <subfield code="j">KGT.0041790</subfield>
   <subfield code="j">KGT.0041791</subfield>
   <subfield code="j">KGT.0041793</subfield>
   <subfield code="j">KGT.0041794</subfield>
   <subfield code="j">KGT.0041796</subfield>
   <subfield code="j">KGT.0041797</subfield>
   <subfield code="j">KGT.0041801</subfield>
   <subfield code="j">KGT.0041803</subfield>
   <subfield code="j">KGT.0041804</subfield>
   <subfield code="j">KGT.0041806</subfield>
   <subfield code="j">KGT.0041809</subfield>
   <subfield code="j">KGT.0041811</subfield>
   <subfield code="j">KGT.0041812</subfield>
   <subfield code="j">KGT.0041814</subfield>
   <subfield code="j">KGT.0041815</subfield>
   <subfield code="j">KGT.0041819</subfield>
   <subfield code="j">KGT.0041820</subfield>
   <subfield code="j">KGT.0041822</subfield>
   <subfield code="j">KGT.0041823</subfield>
   <subfield code="j">KGT.0041825</subfield>
   <subfield code="j">KGT.0041829</subfield>
   <subfield code="j">KGT.0041830</subfield>
   <subfield code="j">KGT.0041832</subfield>
   <subfield code="j">KGT.0041833</subfield>
   <subfield code="j">KGT.0041837</subfield>
   <subfield code="j">KGT.0041838</subfield>
   <subfield code="j">KGT.0041798</subfield>
   <subfield code="j">KGT.0041799</subfield>
   <subfield code="j">KGT.0041807</subfield>
   <subfield code="j">KGT.0041808</subfield>
   <subfield code="j">KGT.0041817</subfield>
   <subfield code="j">KGT.0041818</subfield>
   <subfield code="j">KGT.0041826</subfield>
   <subfield code="j">KGT.0041827</subfield>
   <subfield code="j">KGT.0041835</subfield>
   <subfield code="j">KGT.0041836</subfield>
   <subfield code="j">KGT.0041775</subfield>
   <subfield code="j">KGT.0041777</subfield>
   <subfield code="j">KGT.0041780</subfield>
   <subfield code="j">KGT.0041783</subfield>
   <subfield code="j">KGT.0041786</subfield>
   <subfield code="j">KGT.0041789</subfield>
   <subfield code="j">KGT.0041792</subfield>
   <subfield code="j">KGT.0041795</subfield>
   <subfield code="j">KGT.0041800</subfield>
   <subfield code="j">KGT.0041802</subfield>
   <subfield code="j">KGT.0041805</subfield>
   <subfield code="j">KGT.0041810</subfield>
   <subfield code="j">KGT.0041813</subfield>
   <subfield code="j">KGT.0041816</subfield>
   <subfield code="j">KGT.0041821</subfield>
   <subfield code="j">KGT.0041824</subfield>
   <subfield code="j">KGT.0041828</subfield>
   <subfield code="j">KGT.0041831</subfield>
   <subfield code="j">KGT.0041834</subfield>
   <subfield code="j">KGT.0041770</subfield>
  </datafield>
  <datafield tag="910" ind1=" " ind2=" ">
   <subfield code="d">9/2013</subfield>
  </datafield>
  <datafield tag="980" ind1="#" ind2="#">
   <subfield code="a">Trung tâm Học liệu Lê Vũ Hùng, Trường Đại học Đồng Tháp</subfield>
  </datafield>
 </record>
</collection>
